Wine and song : publicizing sports records and reputations in the high middle ages (Record no. 79392)

MARC details
000 -CABECERA
campo de control de longitud fija 00612nam a2200193 a 4500
005 - FECHA Y HORA DE LA ÚLTIMA TRANSACCIÓN
campo de control 20210219153533.0
008 - ELEMENTOS DE LONGITUD FIJA--INFORMACIÓN GENERAL
campo de control de longitud fija 991125n 000 0 u
035 ## - NÚMERO DE CONTROL DEL SISTEMA
Número de control de sistema UPN01000105281
100 ## - ASIENTO PRINCIPAL--NOMBRE PERSONAL
Nombre de persona CARTER, John Marshall
222 ## - TÍTULO CLAVE
Título clave CANADIAN JOURNAL OF HISTORY OF SPORT = REVUE CANADIENNE DE L'HISTOIRE DES SPORTS
245 ## - MENCIÓN DE TÍTULO
Título Wine and song : publicizing sports records and reputations in the high middle ages
300 ## - DESCRIPCIÓN FÍSICA
Extensión 17-25
362 ## - FECHAS DE PUBLICACIÓN Y/O DESIGNACIÓN SECUENCIAL
Fecha de publicación y/o designación secuencial 1992 Vol. 23, no. 2 (dec.)
653 0# - TERMINO DE INDIZACION - NO CONTROLADO
Término no controlado ADOLESCENTES
653 0# - TERMINO DE INDIZACION - NO CONTROLADO
Término no controlado COMPETENCIAS DEPORTIVAS
653 0# - TERMINO DE INDIZACION - NO CONTROLADO
Término no controlado DEPORTE
904 ## - ELEMENTOS DE DATOS D LOCAL, LDD (RLIN)
a AC
b 043092
905 ## - TIPO DE MATERIAL
Tipo de material Articulo

No items available.